000 01061nam a2200229Ia 4500
001 L235-7685
003 IT-CnALBA
008 170116s9999||||xx |||||||||||||| ||und||
040 _aIT-CnALBA
_cIT-CnALBA
041 _aITALIANO
100 _aFRANZI P. M. FRANCESCO, OBL. MISS. MARIA
245 0 _aIL ROSARIO DEL SACERDOTE.
250 _a1a ed.
260 _a ROMA, CASALE MONF.
_bPROPAGANDA MARIANA
_c1949 [1° Ed.:1949 - Ed.Ling.Originale: 1949]
300 _a112 p.
500 _aIL ROSARIO NELLE MANI DI MARIA, DEI PAPI, DEI SANTI, DEL SACERDOTE. OFFERTA SACERDOTALE. VIA CRUCIS DEL SACERDOTE. MADRE E FIGLI. REGINA E SUDDITI. APOSTOLATO DEL ROSARIO.
501 _aSocietà San Paolo EM - Piazza San Paolo, 14 - 12051 ALBA (CN) (non commercial uses only) ® Copyright 2017
520 _aIL ROSARIO NELLE MANI DI MARIA, DEI PAPI, DEI SANTI, DEL SACERDOTE. OFFERTA SACERDOTALE. VIA CRUCIS DEL SACERDOTE. MADRE E FIGLI. REGINA E SUDDITI. APOSTOLATO DEL ROSARIO.
650 _aMARIA SS. ANGELI SANTI DEMONI
942 _cBK
957 _71
999 _a8661
_bSI
_g Copie: 1
_c266867
_d266867